équipes VCT EMEA par logo - Statistiques

Statistiques générales
  • Ce quiz a été pris 127 fois
  • Le résultat moyen est 10 sur 11
Statistiques - réponses
Par images Réponse % Correct
Karmine corp
100%
Gentle mates
99%
Vitality
99%
Fnatic
94%
Natus Vincere
94%
BBL Esports
93%
Koi
93%
Team Liquid
93%
Team Heretics
90%
Fut Esports
87%
Giant X
78%
Aucun quiz correspondant
Distribution des résultats
% des personnes avec chaque résultat
Percentile par nombre de réponses
Votre historique - résultats
Vous n’avez pas pris ce quiz